| 000 | 01138nam a2200301 a 4500 | ||
|---|---|---|---|
| 001 | 000048890 | ||
| 003 | DO-SdBNP | ||
| 005 | 20251202090016.0 | ||
| 007 | ta | ||
| 008 | 190425e2016 dr grb 001 0dspa d | ||
| 020 | _a9789945586763 | ||
| 040 |
_aDO-SdBNP _bspa _cBNPHU |
||
| 082 | 4 |
_bD325b _222 |
|
| 100 | 1 |
_aDeive, Carlos Esteban, _d1935-2019 _91916 |
|
| 245 | 1 | 0 |
_aBibliografía afrodomínico-haitiana, 1763-2015 / _cCarlos Esteban Deive |
| 260 |
_aSanto Domingo : _bArchivo General de la Nación, _c2016 |
||
| 300 |
_a150 p. : _b23 cm. |
||
| 490 | 1 |
_aArchivo General de la Nación ; _v280 |
|
| 500 | _aIncluye datos biográficos del autor en las solapas de las cubiertas. | ||
| 505 | 0 |
_aPresentación -- _tIntroducción -- _tBibliografía afrodomínico-haitiana -- _tSiglas de instituciones -- _tIndice onomástico --. |
|
| 590 | _aInventariado, 2019/LP | ||
| 650 | 4 |
_96155 _aBibliografía afrodomínico-haitiana _y1763 2015 |
|
| 650 | 0 |
_aBibliografía _97838 |
|
| 700 | 1 |
_aCastro, Aquiles, _eprest. _923129 |
|
| 830 | 0 |
_aPublicaciones del Archivo General de la Nación; _n280 _976327 |
|
| 910 | _aMFeliz | ||
| 942 |
_2ddc _cLBS1 |
||
| 999 |
_c48378 _d48378 |
||